| 000 | 01462nam0a2200349 4500 | ||
|---|---|---|---|
| 001 | RU\NLR\bibl\1809041 | ||
| 005 | 20260406082700.0 | ||
| 010 |
_a978-5-93999-256-5 _9500 |
||
| 021 |
_aRU _b2011-62503 _94384 |
||
| 035 | _a(nilc)RSL-KNO-004990740 | ||
| 035 | _a(NLR Aleph) 001799669 | ||
| 090 |
_a1790232 _c1790232 |
||
| 100 | _a20110816d2010 |||y0rusy50 ca | ||
| 101 | 0 | _arus | |
| 102 | _aRU | ||
| 105 | _aa ||||||||| | ||
| 200 | 1 |
_aМандарины под елкой _eстихотворения и сказка для детей _fАрсентий Струк _g[худож. Е. Смирнов] |
|
| 210 |
_aКалуга _cПолиграф-Информ _d2010 |
||
| 215 |
_a98, [1] с. _cил. _d20 |
||
| 327 | 1 | _aСодерж.: Циклы: Карнавал; Морская авоська; Принцеса Линда Кукарача; Рейс в Гавану; Дубрава | |
| 686 |
_aШ9(2)6=Р70я44 _2rubbk |
||
| 686 | _aШ9(2)60=Р7-5 | ||
| 700 | 1 |
_4070 _8rus _7ca _aСтрук _bА. Д. _f1935- _gАрсентий Данилович _3RU\NLR\auth\7710547 _9120315 |
|
| 702 | 1 |
_8rus _7ca _aСмирнов _bЕ. А. _cхудожник, писатель, поэт _f1949-2013 _gЕвгений Антонович _3RU\NLR\AUTH\7748265 _931200 |
|
| 801 | 0 |
_aRU _bRuMoRKP _c20110816 _grcr |
|
| 801 | 1 |
_aRU _bРГБ _c20110816 |
|
| 801 | 2 |
_aRU _bNLR _c20110914 _grcr |
|
| 942 | _cBOOK | ||
| 980 | _aNB | ||